| 000 | 00805nam0a2200277 4500 | ||
|---|---|---|---|
| 001 | RU\NLR\bibl\400888 | ||
| 005 | 20250622163939.0 | ||
| 010 |
_a5-900945-04-9 _91000 |
||
| 021 |
_aRU _b2003-13653 _9631 |
||
| 035 | _a(NLR Aleph) 000395061 | ||
| 090 |
_a539753 _c539753 |
||
| 100 | _a20030521d2002 |||y0rusy50 ca | ||
| 101 | 0 | _arus | |
| 102 | _aRU | ||
| 105 | _ay ||||||||| | ||
| 200 | 1 |
_aНаедине с двойником _eСтихи и проза _e2000-2002 годы _fСофия Вето |
|
| 210 |
_aМ. _cВираж-Центр _d2002 |
||
| 215 |
_a143 с. _d14 |
||
| 686 | _aШ6(2=Р)75я44 | ||
| 700 | 1 |
_aВето _bС. Ф. _gСофия Ф _4070 |
|
| 801 | 0 |
_aRU _bNLR _c20030521 _gPSBO |
|
| 801 | 1 |
_aRU _bNLR _c20030521 |
|
| 942 | _cBOOK | ||
| 980 | _aNB | ||